Statistics for National Foods - Picture Quiz

Click here to take the quiz!

General Stats

  • This quiz has been taken 174 times
  • The average score is 10 of 20

Answer Stats

Answer% Correct
USA / Hamburger
98%
Japan / Sushi
95%
China / Rice
86%
United Kingdom / Fish & Chips
84%
Italy / Lasagne
80%
France / Escargot
78%
Australia / Vegemite
73%
Germany / Wurst
73%
India / Curry
60%
Switzerland / Fondue
55%
Greece / Baklava
40%
Ireland / Potatoes
40%
Russia / Borscht
38%
Canada / Poutine
35%
Belgium / Mussels - Moules
21%
Thailand / Pad Thai
19%
Algeria / Couscous
18%
Argentina / Asados
17%
Spain / Tapas
12%
Indonesia / Nasi Goreng
10%

Score Distribution

Percentile by Number Answered

Percent of People with Each Score

Your Score History

You have not taken this quiz